[Event "Toronto NAYCC U16"]
[Site "Toronto"]
[Date "2013.08.15"]
[Round "3"]
[White "Polavarapu, Satyaveer"]
[Black "Qian, Owen"]
[Result "0-1"]
[WhiteElo "1186"]
[BlackElo "2025"]
[PlyCount "74"]
[EventDate "2013.08.14"]
[EventType "swiss"]
[EventRounds "9"]
[EventCountry "CAN"]
[SourceTitle "EXT 2022"]
[Source "ChessBase"]
[SourceDate "2021.10.06"]
[SourceVersion "1"]
[SourceVersionDate "2021.10.06"]
[SourceQuality "1"]

1. e4 e6 2. Nf3 d5 3. Nc3 Nf6 4. e5 Nfd7 5. d4 c5 6. Bg5 Qb6 7. Bb5 Nc6 8. Bxc6 bxc6 9. Na4 Qa5+ 10. c3 Ba6 11. Nxc5 Nxc5 12. dxc5 Qxc5 13. Be3 Qa5 14. Nd4 c5 15. Nb3 Qb5 16. a4 Qc4 17. Nd2 Qd3 18. Nb3 Qe4 19. Nd2 Qxg2 20. Rf1 Bd3 21. a5 Be7 22. Qf3 Bxf1 23. Nxf1 Qxf3 24. Nd2 Qh1+ 25. Nf1 d4 26. cxd4 cxd4 27. Bxd4 Rd8 28. Rd1 Qe4+ 29. Be3 Rxd1+ 30. Kxd1 0-0 31. Bxa7 Qd3+ 32. Nd2 Bg5 33. Be3 Bxe3 34. fxe3 Rc8 35. a6 Rc2 36. Ke1 Qxd2+ 37. Kf1 Rc1# 0-1